Turbines hydrauliques / (Record no. 125662)

MARC details
000 -LEADER
campo de control de longitud fija 00503nam a2200181 4500
001 - NÚMERO DE CONTROL
campo de control 125662
003 - IDENTIFICADOR DE NÚMERO DE CONTROL
campo de control ES-MaACL
005 - FECHA Y HORA DE LA ÚLTIMA TRANSACCIÓN
campo de control 20230906192656.0
007 - CAMPO FIJO DE DESCRIPCIÓN FÍSICA--INFORMACIÓN GENERAL
campo de control de longitud fija t|
008 - DATOS DE LONGITUD FIJA--INFORMACIÓN GENERAL
campo de control de longitud fija 070214s1926 fr r ||||1| fre d
100 1# - ENTRADA PRINCIPAL--NOMBRE DE PERSONA
Nombre de persona Rateau, August.
9 (RLIN) 95519
245 10 - MENCIÓN DEL TÍTULO
Título Turbines hydrauliques /
Mención de responsabilidad, etc. par August Rateau, D. Eydoux, M. Gariel.
260 ## - PUBLICACIÓN, DISTRIBUCIÓN, ETC.
Lugar de publicación, distribución, etc. Paris :
Nombre del editor, distribuidor, etc. J. B. Bailliere,
Fecha de publicación, distribución, etc. 1926.
300 ## - DESCRIPCIÓN FÍSICA
Extensión 692 p. ;
Dimensiones 23 cm.
700 1# - ENTRADA AGREGADA--NOMBRE PERSONAL
Nombre de persona Eydoux, D.
9 (RLIN) 48436
700 1# - ENTRADA AGREGADA--NOMBRE PERSONAL
Nombre de persona Gariel, M.
9 (RLIN) 55552
852 ## - LOCALIZACIÓN
Ubicación ES-MaACL
Número de control de estantería B-12195
Holdings
Estatus retirado Estado de pérdida Estado de daño No para préstamo Biblioteca de origen Biblioteca actual Ubicación en estantería Fecha de adquisición Fuente de adquisición Total de préstamos Signatura topográfica completa Código de barras Visto por última vez Precio de reemplazo Tipo de ítem Koha
        Biblioteca del Ateneo de Madrid Biblioteca del Ateneo de Madrid Sala Pardo Bazán 17/01/2008     B-12195 1130903 23/02/2023 23/02/2023 Libro impreso